| 000 | 00534nam a2200181Ia 4500 | ||
|---|---|---|---|
| 003 | IN-BaIIA | ||
| 008 | 211028s9999 xx 000 0 eng d | ||
| 040 | _cIIA Library | ||
| 080 |
_a796 _bARL |
||
| 245 | 4 |
_aThe oxford companion to sports and games _cedited by John Arlott |
|
| 260 |
_aLondon _bOxford University Press _c1976 |
||
| 300 | _avii, 1010p. | ||
| 650 |
_aGames _913091 |
||
| 650 | _aNASA Thesaurus | ||
| 650 |
_aSports _913092 |
||
| 700 |
_aArlott, John. ed _913093 |
||
| 942 | _cBK | ||
| 999 |
_c7748 _d7748 |
||